LEADER 01039nam1 2200361 450 001 990000645630203316 035 $a0064563 035 $aUSA010064563 035 $a(ALEPH)000064563USA01 035 $a0064563 100 $a20010928d1989----km-y0itay0103----ba 101 $aita 102 $aIT 105 $a||||||||001yy 200 1 $aCarteggio$fDomenico Giuliotti, Giovanni Papini 210 $aRoma$cEdizioni di storia e letteratura$d1989- 215 $av.$d26 cm 410 $12001 606 0 $aGiuliotti, Domenico$xLettere a Giovanni Papini 606 0 $aPapini, Giovanni$xLettere a Domenico Giuliotti 676 $a928.45 700 1$aGIULIOTTI,$bDomenico$0157034 701 1$aPAPINI,$bGiovanni$0162753 801 0$aIT$bsalbc$gISBD 912 $a990000645630203316 951 $aIII E 1799/$bLM$cIII E 959 $aBK 969 $aUMA 979 $aPATTY$b90$c20010928$lUSA01$h1108 979 $c20020403$lUSA01$h1714 979 $aPATRY$b90$c20040406$lUSA01$h1645 996 $aCarteggio$9958225 997 $aUNISA LEADER 01340nam 2200349 n 450 001 996383639703316 005 20221108054824.0 035 $a(CKB)1000000000591318 035 $a(EEBO)2248495720 035 $a(UnM)9928185600971 035 $a(UnM)99830883 035 $a(EXLCZ)991000000000591318 100 $a19950915d1672 uy | 101 0 $aeng 135 $aurbn||||a|bb| 200 02$aA sermon preached at St. Margarets in Westminster, at the funeral of Mrs. Susanna Gray$b[electronic resource] $edaughter of Henry Gray, Esq; of Enfield in Staffordshire; who on the 29. of October, 1654. began her eternal sabbath. By Robert Waring, M.A. of Oxford 210 $aLondon $c[s.n.]$dprinted in the year 1672 215 $a[2], 95, [1] p 300 $aText consists of the sermon to p. 43 and several elegies in verse from p. 45 to 95. 300 $aReproduction of the original in the British Library. 330 $aeebo-0018 606 $aFuneral sermons$y17th century 615 0$aFuneral sermons 700 $aWaring$b Robert$f1614-1658.$01003722 801 0$bCu-RivES 801 1$bCu-RivES 801 2$bCStRLIN 801 2$bWaOLN 906 $aBOOK 912 $a996383639703316 996 $aA sermon preached at St. Margarets in Westminster, at the funeral of Mrs. Susanna Gray$92382159 997 $aUNISA LEADER 02323nas 2200637-a 450 001 996212637503316 005 20240413013510.0 035 $a(DE-599)ZDB2496277-6 035 $a(CKB)1000000000290073 035 $a(CONSER)--2009214525 035 $a(EXLCZ)991000000000290073 100 $a20020328a20019999 --- - 101 0 $acze 181 $ctxt$2rdacontent 182 $cc$2rdamedia 183 $acr$2rdacarrier 200 00$aStudia Rudolphina $ebulletin Centra pro výzkum um?ní a kultury doby Rudolfa II = Bulletin of the Research Center for Visual Arts and Culture in the Age of Rudolf II 210 $aPraha $cArtefactum $cÚstav d?jin um?ní, Akademie v?d ?eské republiky$d2001- 215 $a1 online resource 300 $aRefereed/Peer-reviewed 311 08$aPrint version: Studia Rudolphina : 1213-5372 (DLC) 2009214525 (OCoLC)51486147 517 1 $aBulletin Centra pro výzkum um?ní a kultury doby Rudolfa II 517 1 $aBulletin of the Research Center for Visual Arts and Culture in the Age of Rudolf II 606 $aMannerism (Art)$zCzech Republic$zPrague$vPeriodicals 606 $aManiérisme (Art)$zRépublique tchèque$zPrague$vPériodiques 606 $aArt patronage$2fast$3(OCoLC)fst00815756 606 $aIntellectual life$2fast$3(OCoLC)fst00975769 606 $aMannerism (Art)$2fast$3(OCoLC)fst01007809 606 $aGeistesleben$2gnd 606 $aKunst$2gnd 607 $aPrague (Czech Republic)$xIntellectual life$vPeriodicals 607 $aCzech Republic$zPrague$2fast 608 $aZeitschrift. 608 $aperiodicals.$2aat 608 $aPeriodicals.$2fast 608 $aPeriodicals.$2lcgft 608 $aPériodiques.$2rvmgf 615 0$aMannerism (Art) 615 6$aManiérisme (Art) 615 7$aArt patronage. 615 7$aIntellectual life. 615 7$aMannerism (Art) 615 7$aGeistesleben 615 7$aKunst 676 $a705 S9326 686 $a700$2sdnb 686 $a910$2sdnb 686 $a940$2sdnb 686 $a7,41$a9,10$2ssgn 686 $a700$a910$a940$a470$a370$2zdbs 712 02$aCentrum pro výzkum um?ní a kultury doby Rudolfa II. 906 $aJOURNAL 912 $a996212637503316 920 $aexl_impl conversion 996 $aStudia Rudolphina$92106304 997 $aUNISA